000 00919nam a22002651u 4500
001 05787
003 HDC
007 cr bn ---
008 210121p xx fo d 00 engg
040 _aHDC
100 _aMohammad Younus Dagha
_96111
245 0 _aInternational Halal Conference 2011 :
_bJourney towards Global Halal Market /
_cby Mohammad Younus Dagha
260 _a[No place] :
_b[publisher not identified]
_c2011
300 _a24 pages :
_bIllustrations
336 _atext
_2rdacontent
337 _acomputer
_2rdamedia
338 _aonline resource
_2rdacarrier
650 _aHalal industry
_9144
650 _aHalal market
_9582
650 _aHalal product
_948
856 _zRequest full-text at [email protected]
942 _2lcc
942 _cSLIDE
942 _kSLID 000601
999 _c3111
_d3111